| 000 | 00347nam a22001457a 4500 | ||
|---|---|---|---|
| 008 | 230413b ||||| |||| 00| 0 eng d | ||
| 020 | _a9780132299206 | ||
| 041 | _aeng | ||
| 080 |
_25 EDITION _a339.13 |
||
| 082 | _a339.13SOL | ||
| 100 | _a23 | ||
| 101 | _aMARKETING | ||
| 245 |
_aMARKETING REAL PEOPLE REAL CHOICES _cSOLOMON |
||
| 942 |
_2udc _cBK |
||
| 999 |
_c59535 _d59535 |
||